000 01273cam a2200325 a 4500
003 CO-ViMGA
005 20230915233131.0
008 050510s2004 ck o r 00010 spa d
020 _a9588156580
040 _aCO-ViMGA
_bspa
_cCO-ViMGA
043 _as-ck---
082 0 4 _aR 730.9861
_bM65h
100 1 0 _aMonsalve, Oscar
_d1949-
_920445
245 1 0 _aHomenaje Negret escultor
_cfotografa̕ general Oscar Monsalve ; Olga Luca̕ Jordǹ ... [y otros.] ; textos Carlos Jimňez ; edicin̤ Benjamn̕ Villegas
250 _a1a. edicin̤
260 _aBogot
_bVillegas Editores
_c2004
300 _a343 pg̀inas
_bfotografa̕s
_c31 cm.
500 _aDonacin̤ Villegas Editores
500 _aIncluye datos biogrf̀icos del autor
600 1 4 _aNegret, Edgar
_d1920-
_xTrabajos escultr̤icos
_920449
600 1 4 _aNegret, Edgar,
_d1920-
_vBibliografa̕s
_920446
600 1 4 _aNegret, Edgar,
_d1920-
_xCrt̕ica e interpretacin̤
_920447
600 1 4 _aNegret, Edgar
_d1920-
_xHomenajes
_920448
650 1 4 _2LEMB
_aEscultores colombianos
_99840
650 1 4 _2LEMB
_aEscultura colombiana
_920155
700 1 0 _aJimňez Moreno, Carlos
_d1952-
_920451
700 1 0 _aJordǹ, Olga Luca̕
_efotg̤rafo
_922286
700 1 0 _aVillegas, Benjamn̕
_d1948-
_eeditor
_919960
942 _2ddc
_cREF
999 _c35485
_d35485